| 000 | 00547nam a2200169 a 4500 | ||
|---|---|---|---|
| 001 | 4744 | ||
| 003 | CDMR | ||
| 005 | 20130319192326.0 | ||
| 008 | 130130s1992||||||||||||||||||||||||||||d | ||
| 020 | _a8479350741 | ||
| 040 |
_aCDMR _bcat _cCPC LLEIDA |
||
| 245 | 0 | 0 |
_aHarris Matrix _b: sistemes de registre en aqueologia _cR. Buxó ... [et al.] ; traducció Isabel G. Trócoli i Suzanne MacName ; edició a cura de Isabel G. Trócoli i Rafel Sospedra |
| 260 |
_aLleida _c1992 _bPagès |
||
| 300 | _a2 v. | ||
| 490 | 0 | _aEl Fil d'Ariadna | |
| 942 |
_cMON _2ddc |
||
| 999 |
_c4744 _d4744 |
||